[Event "EU-Cup (Women) 05th"]
[Site "Halle"]
[Date "2000.09.25"]
[Round "2.1"]
[White "Cmilyte, Viktorija"]
[Black "Hausmann, Ilka"]
[Result "1-0"]
[WhiteElo "2335"]
[BlackElo "2143"]
[PlyCount "109"]
[EventDate "2000.09.24"]
[EventType "team-swiss"]
[EventRounds "7"]
[EventCountry "GER"]
[SourceTitle "EXT 2013"]
[Source "ChessBase"]
[SourceDate "2012.11.22"]
[SourceVersion "1"]
[SourceVersionDate "2012.11.22"]
[SourceQuality "1"]
[WhiteTeam "Vilkaviskis Sirvinta (W)"]
[BlackTeam "Leipzig Gohlis (W)"]
[WhiteTeamCountry "LTU"]
[BlackTeamCountry "GER"]

1. d4 Nf6 2. c4 g6 3. Nc3 Bg7 4. e4 d6 5. f3 0-0 6. Nge2 Nc6 7. Be3 a6 8. Qd2 Rb8 9. d5 Ne5 10. Nd4 e6 11. a4 Ne8 12. Be2 c5 13. Nc2 exd5 14. Nxd5 Bd7 15. a5 Nc6 16. Ra2 f5 17. Bg5 Nf6 18. exf5 Bxf5 19. Nce3 Be6 20. 0-0 Nd4 21. Bd3 Ne4 22. Bxe4 Qxg5 23. f4 Qh5 24. Rf2 Kh8 25. Ra3 Bh6 26. g3 Bg7 27. Rd3 Bd7 28. Bg2 Rbe8 29. Nc7 Rc8 30. Ncd5 Rb8 31. b4 g5 32. f5 Be5 33. Be4 g4 34. Nb6 Bc6 35. Bxc6 bxc6 36. Nd7 Nf3+ 37. Rxf3 gxf3 38. Nxf8 Rxf8 39. bxc5 dxc5 40. Rd8 f2+ 41. Kg2 Kg7 42. Rxf8 Kxf8 43. Qxf2 Bd4 44. Qf3 Qxf3+ 45. Kxf3 Bc3 46. Ke4 Ke7 47. g4 Bxa5 48. g5 Kf7 49. Ng4 Bc7 50. Ne5+ Kg7 51. f6+ Kg8 52. Kf5 a5 53. Nd7 Bd6 54. Ke6 Bf8 55. Nb6 1-0

[Event "GER-ch op (Women)"]
[Site "Rodewisch"]
[Date "2000.07.29"]
[Round "1"]
[White "Leib, Britta"]
[Black "Hausmann, Ilka"]
[Result "0-1"]
[WhiteElo "2040"]
[BlackElo "2140"]
[PlyCount "48"]
[EventDate "2000.07.29"]
[EventType "swiss"]
[EventRounds "9"]
[EventCountry "GER"]
[SourceTitle "CBM 077 Extra"]
[Source "ChessBase"]
[SourceDate "2000.09.14"]
[SourceVersion "1"]
[SourceVersionDate "2000.09.14"]
[SourceQuality "1"]

1. e4 e6 2. d4 d5 3. e5 c5 4. c3 Qb6 5. Nf3 Bd7 6. Be2 cxd4 7. cxd4 Bb5 8. 0-0 Bxe2 9. Qxe2 Nc6 10. Nc3 a6 11. Rd1 Nge7 12. b3 Nf5 13. Qd3 Qa5 14. g4 Nfe7 15. Bd2 Ng6 16. Ne2 Qb6 17. h4 h5 18. gxh5 Rxh5 19. Ng3 Rh8 20. Bg5 Be7 21. h5 Bxg5 22. Nxg5 Nh4 23. Rac1 Qd8 24. Qe3 Qxg5 0-1

[Event "BL 9900 (Women)"]
[Site "Germany"]
[Date "2000.03.05"]
[Round "9.5"]
[White "Hausmann, Ilka"]
[Black "Mueller, Andrea"]
[Result "0-1"]
[WhiteElo "2156"]
[BlackElo "2131"]
[PlyCount "152"]
[EventDate "1999.10.16"]
[EventType "team-tourn"]
[EventRounds "11"]
[EventCountry "GER"]
[SourceTitle "CBM 075 Extra"]
[Source "ChessBase"]
[SourceDate "2000.05.11"]
[SourceVersion "2"]
[SourceVersionDate "2000.05.11"]
[SourceQuality "1"]
[WhiteTeam "Leipzig Gohlis"]
[BlackTeam "Halle USV"]
[WhiteTeamCountry "GER"]
[BlackTeamCountry "GER"]

1. e4 d6 2. d4 Nf6 3. Nc3 g6 4. f4 Bg7 5. Nf3 c5 6. dxc5 Qa5 7. Bd3 Qxc5 8. Qe2 0-0 9. Be3 Qa5 10. 0-0 Bg4 11. a3 Nc6 12. h3 Bxf3 13. Qxf3 Rac8 14. f5 Ne5 15. Qf2 Nc4 16. b4 Qc7 17. Bd4 e5 18. Bxa7 b6 19. Nb5 Qd7 20. a4 d5 21. Rfe1 dxe4 22. Bxc4 Rxc4 23. Bxb6 e3 24. Qe2 Re4 25. Bc5 Qxf5 26. Rf1 Qe6 27. Nd6 Rd4 28. c3 Rxd6 29. Bxd6 Qxd6 30. Qxe3 Nd5 31. Qf3 e4 32. Qxe4 Nxc3 33. Qg4 Qd2 34. Rae1 Qd4+ 35. Qxd4 Bxd4+ 36. Kh1 Nxa4 37. Re7 Nb6 38. b5 h5 39. Kh2 Bc5 40. Rb7 Be3 41. Rf3 Bd4 42. Kg3 f6 43. Rd3 Bc5 44. Rc3 Bd6+ 45. Kf3 Be5 46. Rd3 Nc4 47. Rdd7 f5 48. Ke2 Bf6 49. Rdc7 Nd6 50. Rb6 Bd8 51. Rxd6 Bxc7 52. Rxg6+ Kh7 53. Rc6 Be5 54. Re6 Bg3 55. Kf3 h4 56. b6 Kg7 57. Re3 Rb8 58. Re6 Kf7 59. Rc6 Ke7 60. Rg6 Kd7 61. Rf6 f4 62. Ke4 Kc8 63. Kd5 Kb7 64. Kc4 Ka6 65. Kc5 Rb7 66. Rh6 Bf2+ 67. Kd5 Rxb6 68. Rxb6+ Kxb6 69. Ke4 Bg3 70. Kd3 Kc5 71. Ke2 Kd4 72. Kd2 Bh2 73. Ke2 Kc3 74. g4 hxg3 75. Kf3 Kd4 76. h4 Ke5 0-1

[Event "Leipzig op"]
[Site "Leipzig"]
[Date "2000.??.??"]
[Round "6"]
[White "Hausmann, Ilka"]
[Black "Zesch, Ludwig"]
[Result "0-1"]
[WhiteElo "2138"]
[BlackElo "2103"]
[PlyCount "122"]
[EventDate "2000.??.??"]
[EventType "swiss"]
[EventRounds "7"]
[EventCountry "GER"]
[SourceTitle "EXT 2001"]
[Source "ChessBase"]
[SourceDate "2000.11.22"]
[SourceVersion "1"]
[SourceVersionDate "2000.11.22"]
[SourceQuality "1"]

1. e4 c5 2. c3 Nf6 3. e5 Nd5 4. d4 cxd4 5. Nf3 e6 6. cxd4 d6 7. Nc3 Nxc3 8. bxc3 Qc7 9. Bd2 Nd7 10. Ng5 h6 11. Qh5 g6 12. Nxe6 fxe6 13. Qxg6+ Kd8 14. Qxe6 dxe5 15. Be2 Qd6 16. Qb3 exd4 17. cxd4 Nb6 18. 0-0 Be6 19. d5 Bxd5 20. Qh3 Rg8 21. Bf3 Qd7 22. Qh5 Qf7 23. Qxf7 Bxf7 24. Bf4 Ke7 25. Rfe1+ Kf6 26. Be5+ Kf5 27. g4+ Rxg4+ 28. Bxg4+ Kxg4 29. f3+ Kf5 30. Bg3 Re8 31. Rxe8 Bxe8 32. Re1 Bc6 33. Kg2 a6 34. Re5+ Kf6 35. h4 Nc4 36. Re2 Kf5 37. Bc7 Bg7 38. Re7 Bf6 39. Rf7 Kg6 40. Rf8 Kg7 41. Rc8 Bxh4 42. Bf4 Bf6 43. Kg3 h5 44. Bc1 Nd6 45. Rb8 Kg6 46. Rg8+ Kf5 47. Rf8 h4+ 48. Kg2 Kg6 49. Rg8+ Kf7 50. Rg4 Bd7 51. Rb4 Bc6 52. Bd2 Nf5 53. Be1 Ke6 54. Bf2 Be7 55. Rg4 Bd5 56. a4 Bc6 57. a5 Bd8 58. Rg8 Bxa5 59. Rh8 Bc3 60. Rh7 Bf6 61. Rh5 a5 0-1

[Event "BL 9900 (Women)"]
[Site "Germany"]
[Date "1999.10.17"]
[Round "2.4"]
[White "Hausmann, Ilka"]
[Black "Helm, Leonie"]
[Result "1-0"]
[WhiteElo "2156"]
[BlackElo "2290"]
[PlyCount "76"]
[EventDate "1999.10.16"]
[EventType "team-tourn"]
[EventRounds "11"]
[EventCountry "GER"]
[SourceTitle "EXT 2000"]
[Source "ChessBase"]
[SourceDate "1999.11.16"]
[SourceVersion "1"]
[SourceVersionDate "1999.11.16"]
[SourceQuality "1"]
[WhiteTeam "Leipzig Gohlis"]
[BlackTeam "Hamburger SK"]
[WhiteTeamCountry "GER"]
[BlackTeamCountry "GER"]

1. e4 c5 2. c3 Nf6 3. e5 Nd5 4. d4 cxd4 5. Nf3 Nc6 6. Bc4 Nb6 7. Bb3 e6 8. cxd4 d6 9. 0-0 Be7 10. Nc3 0-0 11. Be3 d5 12. Rc1 f5 13. exf6 Bxf6 14. Re1 Bd7 15. a3 Be8 16. Qd2 Na5 17. Ba2 Nac4 18. Qe2 Qd6 19. Ng5 Na5 20. Qg4 Bxg5 21. Bxg5 Rf5 22. Bb1 Rf7 23. Rxe6 Qf8 24. Qh4 h6 25. Be7 Rf4 26. Qg3 Qf7 27. Rce1 Bd7 28. Bg6 Bxe6 29. Bxf7+ Rxf7 30. Rxe6 Re8 31. Qd6 Nc6 32. Nxd5 Nxd5 33. Qxd5 Rexe7 34. Rxe7 Nxe7 35. Qd8+ Kh7 36. Qe8 Kg6 37. h4 h5 38. g3 Nf5 1-0

[Event "GER-chT Universities"]
[Site "Germany"]
[Date "1999.05.14"]
[Round "4"]
[White "Neumann, Andreas"]
[Black "Hausmann, Ilka"]
[Result "1/2-1/2"]
[WhiteElo "2210"]
[BlackElo "2166"]
[PlyCount "62"]
[EventDate "1999.05.??"]
[EventType "team"]
[EventRounds "6"]
[EventCountry "GER"]
[SourceTitle "EXT 2003"]
[Source "ChessBase"]
[SourceDate "2002.11.25"]
[SourceVersion "1"]
[SourceVersionDate "2002.11.25"]
[SourceQuality "1"]

1. e4 e6 2. d4 d5 3. Nc3 Bb4 4. e5 Ne7 5. a3 Bxc3+ 6. bxc3 c5 7. Qg4 0-0 8. Bd3 Nd7 9. Nf3 f5 10. Qf4 Qa5 11. Qd2 Nb6 12. dxc5 Na4 13. c4 Qxc5 14. Qb4 Bd7 15. Be3 Qxb4+ 16. axb4 Rfc8 17. c5 Nc3 18. Nd4 Nc6 19. Nxc6 Bxc6 20. 0-0 Bb5 21. Ra5 Bxd3 22. cxd3 a6 23. Rfa1 Kf7 24. Kf1 Ke7 25. c6 bxc6 26. Rxa6 Rxa6 27. Rxa6 Nb5 28. Rb6 Kd7 29. Rb7+ Rc7 30. Rb8 Rc8 31. Rb7+ Rc7 1/2-1/2

[Event "BL 9899 (Women)"]
[Site "Germany"]
[Date "1999.01.17"]
[Round "8.4"]
[White "Hausmann, Ilka"]
[Black "Medunova, Vera"]
[Result "1-0"]
[WhiteElo "2166"]
[BlackElo "2170"]
[PlyCount "97"]
[EventDate "1998.10.24"]
[EventType "team-tourn"]
[EventRounds "11"]
[EventCountry "GER"]
[SourceTitle "GER-chT"]
[Source "ChessBase"]
[SourceDate "1999.07.01"]
[SourceVersion "1"]
[SourceVersionDate "1999.07.01"]
[SourceQuality "1"]
[WhiteTeam "Leipzig Gohlis"]
[BlackTeam "Elberfeld (W)"]
[WhiteTeamCountry "GER"]
[BlackTeamCountry "GER"]

1. e4 c5 2. c3 d5 3. exd5 Nf6 4. Bb5+ Bd7 5. Bxd7+ Qxd7 6. c4 e6 7. Qe2 Bd6 8. Nf3 0-0 9. dxe6 fxe6 10. d4 cxd4 11. Nxd4 Bc5 12. Nf3 Nc6 13. 0-0 Nd4 14. Nxd4 Bxd4 15. Be3 Be5 16. g3 Qc6 17. f4 Bd6 18. Nd2 a6 19. Nf3 Rac8 20. b3 Qe4 21. Ng5 Qf5 22. Rad1 Bb4 23. Bd4 Rce8 24. Nf3 Qe4 25. Qxe4 Nxe4 26. Ne5 Rc8 27. Kg2 b5 28. Bb2 bxc4 29. Nxc4 Rfd8 30. a3 Be7 31. Kf3 Nc5 32. Rxd8+ Rxd8 33. b4 Na4 34. Be5 Rc8 35. Ne3 Bf6 36. Rd1 Bxe5 37. fxe5 Rc3 38. Rd6 Kf7 39. Rxa6 Rxa3 40. b5 Ke7 41. Ra7+ Kd8 42. h4 h5 43. Kf4 Ra2 44. Nc4 Rf2+ 45. Ke3 Ra2 46. b6 Kc8 47. Nd6+ Kb8 48. Rxg7 Nxb6 49. Rb7+ 1-0

[Event "GER-ch (Women)"]
[Site "Chemnitz"]
[Date "1999.??.??"]
[Round "3"]
[White "Eckhardt, Claudia"]
[Black "Hausmann, Ilka"]
[Result "1-0"]
[WhiteElo "2154"]
[BlackElo "2166"]
[PlyCount "83"]
[EventDate "1999.??.??"]
[EventType "swiss"]
[EventRounds "9"]
[EventCountry "GER"]
[SourceTitle "EXT 2004"]
[Source "ChessBase"]
[SourceDate "2003.11.25"]
[SourceVersion "1"]
[SourceVersionDate "2003.11.25"]
[SourceQuality "1"]

1. d4 Nf6 2. Nf3 g6 3. g3 Bg7 4. Bg2 0-0 5. 0-0 d6 6. c4 Nbd7 7. Nc3 e5 8. e4 c6 9. h3 Qb6 10. c5 dxc5 11. dxe5 Ne8 12. e6 fxe6 13. Ng5 Ne5 14. f4 Nf7 15. Nxf7 Bd4+ 16. Kh2 Rxf7 17. e5 Nc7 18. Ne4 Nd5 19. Qe2 Qc7 20. Ng5 Rf8 21. Be4 Ne7 22. a4 a5 23. Ra3 b6 24. Bd3 Rb8 25. Qg4 Nf5 26. Ne4 b5 27. Nf6+ Kh8 28. h4 c4 29. Bc2 b4 30. Raf3 c5 31. h5 Qg7 32. Qh3 Bb7 33. hxg6 Rxf6 34. exf6 Bxf6 35. R3f2 c3 36. bxc3 Bxc3 37. g4 Nd4 38. Bb1 Rf8 39. f5 exf5 40. gxf5 Nb3 41. f6 Be5+ 42. Kg1 1-0

[Event "DDMM (Women)"]
[Site "Weilburg"]
[Date "1999.??.??"]
[Round "3.4"]
[White "Hausmann, Ilka"]
[Black "Dergileva, Larisa"]
[Result "1-0"]
[WhiteElo "2165"]
[BlackElo "2200"]
[PlyCount "147"]
[EventDate "1999.??.??"]
[EventType "team"]
[EventRounds "5"]
[EventCountry "GER"]
[SourceTitle "EXT 2000"]
[Source "ChessBase"]
[SourceDate "1999.11.16"]
[SourceVersion "1"]
[SourceVersionDate "1999.11.16"]
[SourceQuality "1"]

1. e4 e5 2. Bc4 Bc5 3. Nc3 Nf6 4. d3 d6 5. Bg5 h6 6. Bh4 g5 7. Bg3 Bg4 8. Qd2 c6 9. h4 Nh5 10. Nf3 b5 11. Bb3 Nxg3 12. fxg3 Qb6 13. Nd1 Nd7 14. c3 b4 15. Rb1 0-0-0 16. a3 a5 17. axb4 axb4 18. Nf2 Be3 19. Qe2 Bxf2+ 20. Qxf2 Nc5 21. 0-0 Bxf3 22. gxf3 Qc7 23. Bc4 Rdg8 24. h5 Ne6 25. g4 Nf4 26. Kh2 d5 27. Ra1 d4 28. cxb4 Kd7 29. Ra3 Rb8 30. Qd2 Rb6 31. Rc1 Rhb8 32. b5 Ke7 33. b3 Kf8 34. bxc6 Rxc6 35. Rca1 Rcb6 36. Ra7 R8b7 37. Rxb7 Qxb7 38. Qa5 Rxb3 39. Bxb3 Qxb3 40. Qa3+ Qxa3 41. Rxa3 Ke7 42. Kg3 Kf6 43. Kf2 Nh3+ 44. Kf1 Nf4 45. Ke1 Kg7 46. Kd2 Ng2 47. Ra1 Nf4 48. Kc2 Kf6 49. Rd1 Ke6 50. Kb3 Ke7 51. Kc4 Kf6 52. Ra1 Kg7 53. Ra6 f6 54. Ra7+ Kg8 55. Rb7 Kf8 56. Ra7 Kg8 57. Kc5 Nxd3+ 58. Kd6 Ne1 59. Ke6 Nxf3 60. Kxf6 Nh2 61. Kg6 Kf8 62. Kxh6 Nxg4+ 63. Kxg5 Nf2 64. Kg6 Nh3 65. Kf6 Kg8 66. Kxe5 d3 67. Rd7 Nf2 68. Kf4 Kf8 69. e5 Ke8 70. e6 Nh3+ 71. Kg4 Nf2+ 72. Kf5 Kf8 73. h6 Nh1 74. Kf6 1-0

[Event "GER-ch (Women)"]
[Site "Chemnitz"]
[Date "1999.??.??"]
[Round "6"]
[White "Hausmann, Ilka"]
[Black "Malachowski, Margrit"]
[Result "1/2-1/2"]
[WhiteElo "2166"]
[BlackElo "2194"]
[PlyCount "82"]
[EventDate "1999.??.??"]
[EventType "swiss"]
[EventRounds "9"]
[EventCountry "GER"]
[SourceTitle "EXT 2004"]
[Source "ChessBase"]
[SourceDate "2003.11.25"]
[SourceVersion "1"]
[SourceVersionDate "2003.11.25"]
[SourceQuality "1"]

1. e4 c6 2. d4 d5 3. exd5 cxd5 4. c4 Nf6 5. Nc3 e6 6. cxd5 Nxd5 7. Nf3 Nc6 8. Bd3 Be7 9. 0-0 Bf6 10. Be4 0-0 11. Re1 a6 12. a3 Ra7 13. Qd3 g6 14. Bh6 Bg7 15. Bxg7 Kxg7 16. Ne5 Nde7 17. Rad1 Nxe5 18. dxe5 Qxd3 19. Rxd3 b5 20. Red1 Rc7 21. f4 f6 22. exf6+ Rxf6 23. g3 Rf8 24. Bg2 Nf5 25. Ne4 h6 26. b4 Re8 27. Rd8 Ree7 28. R1d3 Rc1+ 29. Kf2 Bb7 30. Nc5 Rc2+ 31. Rd2 Rxd2+ 32. Rxd2 Bxg2 33. Kxg2 Ne3+ 34. Kf3 Nc4 35. Re2 Kf6 36. Nxa6 Nxa3 37. Re5 Kf7 38. Nc5 Nc4 39. Re1 e5 40. fxe5 Nxe5+ 41. Kf4 Nc6 1/2-1/2